<?xml version="1.0" encoding="UTF-8"?>
<marc:record xmlns:marc="http://www.loc.gov/MARC21/slim">
   <marc:leader>00000nam a2200000 a 4500</marc:leader>
   <marc:datafield ind1="1" ind2=" " tag="100">
      <marc:subfield code="a">Jahren, Hope</marc:subfield>
      <marc:subfield code="4">aut</marc:subfield>
      <marc:subfield code="e">Verfasser/-in</marc:subfield>
   </marc:datafield>
   <marc:datafield ind1=" " ind2=" " tag="653">
      <marc:subfield code="a">Erlebnisbericht</marc:subfield>
   </marc:datafield>
   <marc:datafield ind1=" " ind2=" " tag="653">
      <marc:subfield code="a">Pflanzen</marc:subfield>
   </marc:datafield>
   <marc:datafield ind1=" " ind2=" " tag="653">
      <marc:subfield code="a">Botanik</marc:subfield>
   </marc:datafield>
   <marc:datafield ind1=" " ind2=" " tag="653">
      <marc:subfield code="a">Gefäßpflanzen</marc:subfield>
   </marc:datafield>
   <marc:datafield ind1=" " ind2=" " tag="653">
      <marc:subfield code="a">Samenpflanzen</marc:subfield>
   </marc:datafield>
   <marc:datafield ind1=" " ind2=" " tag="653">
      <marc:subfield code="a">Allgemeine Botanik</marc:subfield>
   </marc:datafield>
   <marc:datafield ind1=" " ind2=" " tag="653">
      <marc:subfield code="a">Bedecktsamer</marc:subfield>
   </marc:datafield>
   <marc:datafield ind1="0" ind2="0" tag="245">
      <marc:subfield code="a">Blattgeflüster</marc:subfield>
   </marc:datafield>
   <marc:datafield ind1="0" ind2="0" tag="245">
      <marc:subfield code="b">die wunderbare Welt der Pflanzen : aus dem Leben einer leidenschaftlichen Forscherin</marc:subfield>
   </marc:datafield>
   <marc:datafield ind1="0" ind2="0" tag="245">
      <marc:subfield code="c">Jahren, Hope</marc:subfield>
   </marc:datafield>
   <marc:datafield ind1=" " ind2="1" tag="264">
      <marc:subfield code="a">München</marc:subfield>
      <marc:subfield code="b">Ludwig</marc:subfield>
   </marc:datafield>
   <marc:datafield ind1="1" ind2=" " tag="520">
      <marc:subfield code="a">Angaben aus der Verlagsmeldung &#xD;
&#xD;
 &#xD;
&#xD;
  Blattgeflüster : Die wunderbare Welt der Pflanzen. Aus dem Leben einer leidenschaftlichen Forscherin Lab Girl / von Hope Jahren &#xD;
&#xD;
 &#xD;
Eine hinreißende Geschichte über Pflanzen, Liebe und die Wissenschaft&#xD;
&#xD;
Hope Jahren hat das, wovon viele Menschen träumen: einen Beruf, der ihr Herz und ihr Leben erfüllt. Seit sie denken kann, ist die Geo-Biologin fasziniert von der Natur – von Pflanzen, Bäumen, Blättern, Samenkörnern und den unglaublichen Geschichten, die sie uns erzählen, sogar noch in fossiler Form. Wie ist es beispielsweise möglich, dass ein Kirschkern hundert Jahre lang geduldig warten kann, bis er sich auf einmal dazu entscheidet zu keimen? Hope Jahrens Werdegang von der kindlichen Forscherin zur angesehenen Wissenschaftlerin, die sich trotz zahlreicher Hindernisse in einer Männerwelt behauptet, ist eine inspirierende und mitreißende Geschichte voller Leidenschaft, Durchhaltevermögen und ewiger Neugierde. Ein wunderbares Gleichnis über die Kraft der Natur und die Freude des Entdeckens, das einen ganz neuen Blick auf die Pfl anzenwelt eröffnet. Seite für Seite. Blatt für Blatt.</marc:subfield>
   </marc:datafield>
   <marc:datafield ind1=" " ind2=" " tag="020">
      <marc:subfield code="a">9783453280694</marc:subfield>
      <marc:subfield code="9">9783453280694</marc:subfield>
   </marc:datafield>
   <marc:datafield ind1=" " ind2=" " tag="020">
      <marc:subfield code="a">3453280695</marc:subfield>
      <marc:subfield code="9">3453280695</marc:subfield>
   </marc:datafield>
   <marc:datafield ind1=" " ind2=" " tag="041">
      <marc:subfield code="a">ger</marc:subfield>
   </marc:datafield>
   <marc:datafield ind1=" " ind2=" " tag="338">
      <marc:subfield code="a">Band</marc:subfield>
   </marc:datafield>
   <marc:datafield ind1=" " ind2=" " tag="300">
      <marc:subfield code="a">414 Seiten</marc:subfield>
   </marc:datafield>
</marc:record>
